000 00470nam a22001817a 4500
003 MPLRDC
005 20220104161416.0
008 210129b ||||| |||| 00| 0 eng d
020 _a981-4205-13-3
082 _a177.2 WDR-14
100 _a吴淡如
245 _a赚钱也赚到人生
_c
260 _a新加坡
_b大众国际书局股份有限公司
_c2006
300 _b
490 _aM056
650 _a应用心理学--成功法
942 _cBK
_o177.2 WDR-14
999 _c55469
_d55459